|
|
|
|
| LEADER |
00000ny a22000003n 4500 |
| 005 |
20110601130949.0 |
| 008 |
101118s2010 sp 000 0 spa d |
| 022 |
|
|
|a 9786074401424
|
| 035 |
|
|
|a 5049
|
| 040 |
|
|
|a BUS
|d vLex
|
| 090 |
|
|
|c 398
|d 398
|
| 100 |
1 |
|
|a Přez Chavez, Još
|
| 245 |
1 |
0 |
|a Beneficios que se contienen en las disposiciones fiscales
|h [Recurso electrn̤ico]
|b Anl̀isis prc̀tico /
|c Jos ̌Přez Chavez ; Raymundo Fol Olguin
|
| 256 |
|
|
|a Servicio en ln̕ea
|
| 260 |
|
|
|a [S.L.] :
|b Tax Editore,
|c 2010
|
| 506 |
1 |
|
|a Contenido solo disponible en los productos indicados
|d vLex Global
|d vLex Global (Academic Edition, excluding Law Schools)
|d vLex Global (U.S. Academic Edition, Law Schools)
|d vLex Global (U.S. Academic Edition, excluding Law Schools)
|d vLex Global (Academic Edition, Law Schools)
|
| 650 |
0 |
7 |
|a Impuesto
|2 Tesauro vLex
|
| 700 |
1 |
|
|a Fol Olguin, Raymundo
|
| 740 |
0 |
|
|a vLex Libros (Servicios en ln̕ea)
|
| 856 |
4 |
0 |
|z Acceso restringido
|u http://vlex.com/source/beneficios-disposiciones-fiscales-5049
|
| 942 |
|
|
|c BOOK
|
| 999 |
0 |
|
|a Taxation
|b Spain
|